书目信息 |
| 题名: |
浅谈工效学
|
|
| 作者: | 封根泉 编 | |
| 分册: | ||
| 出版信息: | 北京 工人出版社 1981 |
|
| 页数: | 165页 | |
| 开本: | 19cm | |
| 丛书名: | ||
| 单 册: | ||
| 中图分类: | TB18 , F240 | |
| 科图分类: | ||
| 主题词: | 工效学--基本知识 , 劳动经济 | |
| 电子资源: | ||
| ISBN: | ||
| 000 | 00655nam0 2200265 45 | |
| 001 | 0181000202 | |
| 005 | 20040331144027.2 | |
| 010 | @dCNY0.55 | |
| 091 | @a4007.3 | |
| 100 | @a19950515d1981 em y0chiy0121 ea | |
| 101 | 0 | @achi |
| 102 | @aCN@b110000 | |
| 105 | @ay z 000yy | |
| 106 | @ar | |
| 200 | 10 | @a浅谈工效学@Aqian tan gong xiao xue@f封根泉编 |
| 210 | @a北京@c工人出版社@d1981 | |
| 215 | @a165页@d19cm | |
| 606 | @a工效学@x基本知识 | |
| 606 | 0 | @a劳动经济 |
| 690 | @aTB18@v3 | |
| 690 | @aF240 | |
| 701 | 0 | @a封根泉@Afeng gen quan@4编 |
| 801 | 0 | @aCN@b上海图书馆@c20040331 |
| 801 | 2 | @aCN@bNLC@c20040331 |
| 905 | @f1@b55225@dF240@e5 | |
| 浅谈工效学/封根泉编.-北京:工人出版社,1981 |
| 165页;19cm |
| ISBN :CNY0.55 |
| ● |
| 相关链接 |
|
|
|
|
正题名:浅谈工效学
索取号:F240/5
 
预约/预借
| 序号 | 登录号 | 条形码 | 馆藏地/架位号 | 状态 | 备注 |
| 1 | 0055225 | 001925402 | 密集书库/ [索取号:F240/5] | 在馆 | |
| 2 | 0055226 | 000210006 | 第一样本阅览室/ [索取号:F240/5] | 在馆 | |
| 3 | 0055227 | 000210042 | 第一借阅区/ [索取号:F240/5] | 在馆 |